[Event "Oberliga Ost B"]
[Site "?"]
[Date "2022.05.01"]
[Round "3.3"]
[White "Schubert, Nikita"]
[Black "Grund, Sebastian"]
[Result "0-1"]
[WhiteElo "1922"]
[BlackElo "1867"]
[PlyCount "62"]
[EventDate "2021.10.10"]
[EventType "team-tourn"]
[EventCountry "GER"]
[WhiteTeam "Gera ESV"]
[BlackTeam "Erfurt SV Medizin"]
[WhiteTeamCountry "GER"]
[BlackTeamCountry "GER"]

1. d4 Nf6 2. c4 g6 3. g3 Bg7 4. Bg2 O-O 5. Nf3 d5 6. O-O dxc4 7. Na3 c3 8. bxc3
c5 9. Bb2 Nc6 10. e3 Bf5 11. Qe2 e5 12. Rfd1 e4 13. Ne5 Qc7 14. Nac4 Rac8 15.
Rac1 b5 16. Nxc6 Bg4 17. f3 exf3 18. Bxf3 Qxc6 19. Ne5 Bxf3 20. Nxf3 Rfe8 21.
Ne5 Qe4 22. Rf1 Nd5 23. Nxf7 Qxe3+ 24. Qxe3 Nxe3 25. Nd6 Nxf1 26. Nxc8 Nd2 27.
Nxa7 Re2 28. dxc5 Bh6 29. Rc2 Nf3+ 30. Kf1 Rxc2 31. c6 Be3 0-1

[Event "Oberliga Ost B"]
[Site "?"]
[Date "2022.05.01"]
[Round "3.4"]
[White "Jakob, Matthias"]
[Black "Liebold, Aaron"]
[Result "1/2-1/2"]
[WhiteElo "2108"]
[BlackElo "1976"]
[PlyCount "93"]
[EventDate "2021.10.10"]
[EventType "team-tourn"]
[EventCountry "GER"]
[WhiteTeam "Erfurt SV Medizin"]
[BlackTeam "Gera ESV"]
[WhiteTeamCountry "GER"]
[BlackTeamCountry "GER"]

1. d4 Nf6 2. Nc3 d5 3. Bf4 e6 4. Nb5 Na6 5. e3 Be7 6. Bd3 c6 7. Nc3 c5 8. Nf3
O-O 9. O-O Nb4 10. Be2 Nh5 11. Bg3 Nxg3 12. hxg3 b6 13. Nb1 Bb7 14. c3 Nc6 15.
Nbd2 Bf6 16. Qb3 Qe7 17. Rad1 Rfd8 18. Rfe1 Rac8 19. Bf1 Qc7 20. a4 g6 21. Qa3
Be7 22. Qa2 Bf6 23. Qa3 Ne7 24. Ra1 a6 25. Nb3 Nf5 26. a5 cxd4 27. axb6 Qxb6
28. exd4 Ra8 29. Na5 Bc6 30. Ne5 Bb5 31. Qb3 Bxe5 32. Rxe5 Rdb8 33. Bxb5 axb5
34. Qb4 Nd6 35. Ree1 Nc4 36. Nxc4 Rxa1 37. Rxa1 bxc4 38. Qxb6 Rxb6 39. Ra2 Kg7
40. Kf1 h5 41. Ke2 Rb8 42. Kd2 Rh8 43. Ra1 h4 44. gxh4 Rxh4 45. Ke2 Kf6 46. g3
Rh8 47. Kf3 1/2-1/2

[Event "Oberliga Ost B"]
[Site "?"]
[Date "2022.05.01"]
[Round "3.5"]
[White "Puschendorf, Steffen"]
[Black "Mueller Ludwig, Kristin"]
[Result "1/2-1/2"]
[WhiteElo "2146"]
[BlackElo "2024"]
[PlyCount "90"]
[EventDate "2021.10.10"]
[EventType "team-tourn"]
[EventCountry "GER"]
[WhiteTeam "Gera ESV"]
[BlackTeam "Erfurt SV Medizin"]
[WhiteTeamCountry "GER"]
[BlackTeamCountry "GER"]

1. d4 Nf6 2. c4 g6 3. Nc3 Bg7 4. e4 d6 5. f3 O-O 6. Be3 a6 7. Qd2 Nc6 8. Nge2
Bd7 9. O-O-O b5 10. Ng3 bxc4 11. Bxc4 e5 12. d5 Nd4 13. Nge2 Nb5 14. Nxb5 axb5
15. Bb3 Ra6 16. Kb1 Qa8 17. Rc1 c5 18. dxc6 Bxc6 19. Nc3 b4 20. Nd5 Nxd5 21.
Bxd5 Bxd5 22. Qxd5 Qxd5 23. exd5 Rfa8 24. Rc4 e4 25. Rhc1 exf3 26. Rc8+ Bf8 27.
Rxa8 Rxa8 28. gxf3 f5 29. Rc4 Ra5 30. Rxb4 Rxd5 31. Kc2 h6 32. a4 Ra5 33. Bb6
Ra8 34. a5 Kf7 35. Rc4 Ke6 36. Kd3 Bg7 37. b4 g5 38. Rc7 Be5 39. Rh7 Rc8 40.
Bc7 Kd5 41. h3 Kc6 42. Bb6 Kb5 43. Rc7 Rxc7 44. Bxc7 h5 45. Bb6 g4 1/2-1/2

[Event "Oberliga Ost B"]
[Site "?"]
[Date "2022.05.01"]
[Round "3.6"]
[White "Nguyen, Ha Thanh"]
[Black "Glaessl, Matthias"]
[Result "0-1"]
[WhiteElo "1952"]
[BlackElo "2164"]
[PlyCount "122"]
[EventDate "2021.10.10"]
[EventType "team-tourn"]
[EventCountry "GER"]
[WhiteTeam "Erfurt SV Medizin"]
[BlackTeam "Gera ESV"]
[WhiteTeamCountry "GER"]
[BlackTeamCountry "GER"]

1. e4 c5 2. Nf3 Nc6 3. d4 cxd4 4. Nxd4 Nf6 5. Nc3 g6 6. Be3 Bg7 7. Bc4 O-O 8.
Bb3 a5 9. a4 Ng4 10. Qxg4 Nxd4 11. Qd1 Nxb3 12. cxb3 d6 13. O-O Bd7 14. Qe2 Bc6
15. f3 Qd7 16. Rfd1 Rfc8 17. Rac1 Qe6 18. Nd5 Bxd5 19. Rxd5 Qf6 20. Rxc8+ Rxc8
21. Qd2 Qxb2 22. Qxb2 Bxb2 23. Rxa5 Kf8 24. Rb5 Ke8 25. Rxb7 Rc3 26. Bf4 Rc2
27. h3 Bd4+ 28. Kh2 f6 29. h4 Ra2 30. Rc7 Bc5 31. e5 fxe5 32. Bxe5 Kd8 33. Rxc5
dxc5 34. Bf4 Kd7 35. Kh3 c4 36. bxc4 Rxa4 37. Kg4 Rxc4 38. Kg5 Rc5+ 39. Kg4 h5+
40. Kg3 Ke6 41. Bh6 Kf5 42. Bf8 Re5 43. Bh6 Re2 44. Bg5 e5 45. Bh6 e4 46. fxe4+
Rxe4 47. Kh3 Rb4 48. g3 Ke4 49. Bf4 Kf3 50. Be5 Rb1 51. Kh2 Kg4 52. Kg2 Re1 53.
Bd6 Re2+ 54. Kf1 Kf3 55. Kg1 Rg2+ 56. Kh1 Rxg3 57. Kh2 Rg2+ 58. Kh3 Rg1 59. Kh2
Rd1 60. Be7 Kg4 61. Bg5 Rd3 0-1

[Event "Oberliga Ost B"]
[Site "?"]
[Date "2022.05.01"]
[Round "3.7"]
[White "Frank, Marek"]
[Black "Kirschbaum, Gunnar"]
[Result "1-0"]
[WhiteElo "1495"]
[BlackElo "2041"]
[PlyCount "65"]
[EventDate "2021.10.10"]
[EventType "team-tourn"]
[EventCountry "GER"]
[WhiteTeam "Gera ESV"]
[BlackTeam "Erfurt SV Medizin"]
[WhiteTeamCountry "GER"]
[BlackTeamCountry "GER"]

1. e4 d6 2. d4 Nf6 3. Nc3 e5 4. Nf3 Nbd7 5. h3 Be7 6. Be3 c6 7. g4 Qa5 8. Nd2
O-O 9. Nb3 Qd8 10. Bg2 b5 11. O-O Bb7 12. a4 b4 13. Ne2 a5 14. Ng3 g6 15. f4
Ne8 16. f5 exd4 17. Nxd4 Ne5 18. Nf3 Nc4 19. Bh6 Nxb2 20. Qc1 Nc4 21. fxg6 hxg6
22. Bxf8 Bxf8 23. Qf4 Bg7 24. Rae1 Qe7 25. g5 Nc7 26. Nf5 gxf5 27. exf5 Be5 28.
Qxc4 Ba6 29. Qh4 Bxf1 30. Rxf1 Nd5 31. f6 Qf8 32. Nxe5 dxe5 33. Be4 1-0

[Event "Oberliga Ost B"]
[Site "?"]
[Date "2022.05.01"]
[Round "3.8"]
[White "Reichel, Norbert"]
[Black "Hilbig, Dieter"]
[Result "1-0"]
[WhiteElo "2071"]
[BlackElo "1979"]
[PlyCount "37"]
[EventDate "2021.10.10"]
[EventType "team-tourn"]
[EventCountry "GER"]
[WhiteTeam "Erfurt SV Medizin"]
[BlackTeam "Gera ESV"]
[WhiteTeamCountry "GER"]
[BlackTeamCountry "GER"]

1. c4 Nf6 2. Nf3 e6 3. g3 d5 4. Bg2 Be7 5. O-O O-O 6. b3 c5 7. e3 Nc6 8. Bb2
Qc7 9. Qe2 b6 10. Na3 a6 11. Rfc1 Bb7 12. cxd5 Nxd5 13. Nc2 Rac8 14. d4 Qb8 15.
dxc5 Bxc5 16. Ng5 Rcd8 17. Qh5 h6 18. Be4 f5 19. Bxd5 1-0

[Event "Oberliga Ost B"]
[Site "?"]
[Date "2022.05.01"]
[Round "3.1"]
[White "Di Capua, Francesco Stefano"]
[Black "Sadeghi, Behrang"]
[Result "1/2-1/2"]
[WhiteElo "1954"]
[BlackElo "2256"]
[PlyCount "81"]
[EventDate "2021.10.10"]
[EventType "team-tourn"]
[EventCountry "GER"]
[WhiteTeam "Gernsheim SK"]
[BlackTeam "Homburg Bad SK"]
[WhiteTeamCountry "GER"]
[BlackTeamCountry "GER"]

1. e4 g6 2. d4 c6 3. Be3 d5 4. e5 Nh6 5. c3 Nf5 6. Bd3 Nxe3 7. fxe3 f6 8. Nf3
Bg7 9. exf6 exf6 10. e4 dxe4 11. Bxe4 Be6 12. Nbd2 Na6 13. O-O O-O 14. Re1 Bf7
15. Qc2 Qd7 16. Bd3 Nc7 17. Nf1 Rfe8 18. Ne3 Nd5 19. Nxd5 Bxd5 20. Be4 Bf7 21.
Bd3 Rxe1+ 22. Rxe1 Re8 23. b3 Rxe1+ 24. Nxe1 Qe7 25. Qe2 Bf8 26. Qxe7 Bxe7 27.
Bc4 Kf8 28. Bxf7 Kxf7 29. Kf2 Ke6 30. Ke3 Bd6 31. h3 f5 32. c4 Kf6 33. Nf3 Bg3
34. Kd3 g5 35. Ng1 h5 36. Ne2 Bd6 37. Ke3 h4 38. Kf3 Ke6 39. Nc3 Bb4 40. Ne2
Bd6 41. Nc3 1/2-1/2

[Event "Oberliga Ost B"]
[Site "?"]
[Date "2022.05.01"]
[Round "3.2"]
[White "Dunsbach, Ralf"]
[Black "Neumann, Martin"]
[Result "1-0"]
[WhiteElo "2146"]
[BlackElo "2101"]
[PlyCount "31"]
[EventDate "2021.10.10"]
[EventType "team-tourn"]
[EventCountry "GER"]
[WhiteTeam "Homburg Bad SK"]
[BlackTeam "Gernsheim SK"]
[WhiteTeamCountry "GER"]
[BlackTeamCountry "GER"]

1. c4 e5 2. g3 Nc6 3. Nc3 f5 4. Nf3 e4 5. Nh4 d6 6. d3 Be7 7. Ng2 Nf6 8. Nf4
O-O 9. Bg2 exd3 10. exd3 Kh8 11. O-O Ng4 12. Nfd5 Nd4 13. Re1 Re8 14. Rxe7 Rxe7
15. Bg5 c6 16. Nxe7 1-0

[Event "Oberliga Ost B"]
[Site "?"]
[Date "2022.05.01"]
[Round "3.3"]
[White "Hebbering, Tom Elliot"]
[Black "Schmidt, Walter"]
[Result "1/2-1/2"]
[WhiteElo "2230"]
[BlackElo "2229"]
[PlyCount "54"]
[EventDate "2021.10.10"]
[EventType "team-tourn"]
[EventCountry "GER"]
[WhiteTeam "Gernsheim SK"]
[BlackTeam "Homburg Bad SK"]
[WhiteTeamCountry "GER"]
[BlackTeamCountry "GER"]

1. d4 Nf6 2. c4 e6 3. g3 d5 4. Nf3 Bb4+ 5. Bd2 Bd6 6. Nc3 c6 7. Bg5 Nbd7 8. e4
dxe4 9. Nxe4 Be7 10. Nc3 O-O 11. Bg2 Ne8 12. Bxe7 Qxe7 13. O-O Nef6 14. Re1 Qd6
15. c5 Qc7 16. Qe2 b6 17. Ne5 Nd5 18. Rac1 bxc5 19. Nxd5 cxd5 20. dxc5 Nxe5 21.
Qxe5 Qxe5 22. Rxe5 Bd7 23. Bf1 Rab8 24. Rc2 Rfc8 25. Re3 Kf8 26. Ra3 Rc7 27. f4
Ke7 1/2-1/2

[Event "Oberliga Ost B"]
[Site "?"]
[Date "2022.05.01"]
[Round "3.4"]
[White "Kaliski, Erwin"]
[Black "Dietz, Holger"]
[Result "1-0"]
[WhiteElo "2178"]
[BlackElo "2293"]
[PlyCount "93"]
[EventDate "2021.10.10"]
[EventType "team-tourn"]
[EventCountry "GER"]
[WhiteTeam "Homburg Bad SK"]
[BlackTeam "Gernsheim SK"]
[WhiteTeamCountry "GER"]
[BlackTeamCountry "GER"]

1. e4 c5 2. Nf3 Nc6 3. d4 cxd4 4. Nxd4 e5 5. Nb5 d6 6. c4 Be6 7. N1c3 a6 8. Na3
Nf6 9. Be2 g6 10. O-O Bg7 11. Be3 O-O 12. Qd2 Ne8 13. Rad1 f5 14. f4 Rc8 15.
exf5 gxf5 16. Bh5 Nd4 17. Nd5 Bxd5 18. cxd5 Nf6 19. fxe5 dxe5 20. Bxd4 Nxh5 21.
Bc3 Qd7 22. Qg5 Rxc3 23. bxc3 Nf4 24. Nc4 Qc7 25. Ne3 h6 26. Qh4 Qxc3 27. Qe1
Qc5 28. Qd2 Ng6 29. d6 Kh7 30. d7 f4 31. d8=Q Rxd8 32. Qxd8 fxe3 33. Rc1 Qd4
34. Rfd1 Qb2 35. Qd3 Qf2+ 36. Kh1 h5 37. Rc2 Qf4 38. Re2 Bh6 39. Qd7+ Kg8 40.
Qe6+ Kh7 41. Rd7+ Bg7 42. Qf7 Qxf7 43. Rxf7 Kg8 44. Rxb7 Bh6 45. Rb6 Kh7 46.
Rxa6 Nh4 47. Rxh6+ 1-0

[Event "Oberliga Ost B"]
[Site "?"]
[Date "2022.05.01"]
[Round "3.5"]
[White "Mueller, Maximilian"]
[Black "Lenz, Jonas"]
[Result "1/2-1/2"]
[WhiteElo "2314"]
[BlackElo "2099"]
[PlyCount "141"]
[EventDate "2021.10.10"]
[EventType "team-tourn"]
[EventCountry "GER"]
[WhiteTeam "Gernsheim SK"]
[BlackTeam "Homburg Bad SK"]
[WhiteTeamCountry "GER"]
[BlackTeamCountry "GER"]

1. e4 e5 2. Nf3 Nc6 3. Nc3 Nf6 4. g3 d5 5. exd5 Nxd5 6. Bg2 Nxc3 7. bxc3 Be7 8.
Qe2 O-O 9. O-O Bf6 10. Ba3 Re8 11. d3 e4 12. dxe4 Bxc3 13. Rab1 a5 14. Qc4 Qf6
15. e5 Bxe5 16. Nxe5 Be6 17. Qf4 Qxe5 18. Qxe5 Nxe5 19. Rxb7 Ra6 20. Rfb1 Rb6
21. Bc5 Rxb1+ 22. Rxb1 Bxa2 23. Ra1 Bc4 24. f4 Ng4 25. Bf3 h5 26. Bd4 Be2 27.
Bc6 Rd8 28. Bc3 Rd1+ 29. Rxd1 Bxd1 30. Bxa5 Bxc2 31. Bxc7 Bb3 32. Bb6 Be6 33.
Bd4 Nh6 34. Kf2 Nf5 35. Bc5 Nh6 36. Kf3 Bg4+ 37. Ke4 Bf5+ 38. Ke5 Be6 39. Bg1
Kf8 40. Be4 Ng4+ 41. Kd6 Nh6 42. Bc5 Kg8 43. Bb6 Nf5+ 44. Ke5 Nh6 45. f5 Bc8
46. Kf4 Ng4 47. Bg1 f6 48. Bd5+ Kh8 49. Bf7 Nh6 50. Bg6 Kg8 51. Bc5 Kh8 52. h3
Kg8 53. Ba3 Bd7 54. h4 Bc8 55. Bc1 Kf8 56. Ba3+ Kg8 57. Be7 Bd7 58. Bd8 Nf7 59.
Be7 Nh6 60. Bc5 Bc8 61. Bxh5 Bxf5 62. Be2 Be6 63. Bd3 Nf7 64. h5 Ne5 65. Be2 g6
66. Bd4 Nd7 67. hxg6 Kg7 68. Bd3 Nf8 69. g4 Nxg6+ 70. Bxg6 Kxg6 71. Bxf6
1/2-1/2

[Event "Oberliga Ost B"]
[Site "?"]
[Date "2022.05.01"]
[Round "3.6"]
[White "Merkle, Egon"]
[Black "Schupp, Uwe"]
[Result "1/2-1/2"]
[WhiteElo "2146"]
[BlackElo "2112"]
[PlyCount "49"]
[EventDate "2021.10.10"]
[EventType "team-tourn"]
[EventCountry "GER"]
[WhiteTeam "Homburg Bad SK"]
[BlackTeam "Gernsheim SK"]
[WhiteTeamCountry "GER"]
[BlackTeamCountry "GER"]

1. Nf3 d6 2. d4 Nf6 3. c4 Nbd7 4. Nc3 e5 5. e4 Be7 6. Be2 O-O 7. O-O c6 8. h3
a6 9. a4 a5 10. Be3 exd4 11. Nxd4 Nc5 12. Qc2 Re8 13. Nb3 Nfd7 14. Rad1 Qb6 15.
Nxc5 Nxc5 16. Bf4 Rd8 17. e5 dxe5 18. Rxd8+ Bxd8 19. Bxe5 Be6 20. Rd1 Bc7 21.
Bxc7 Qxc7 22. Ne4 Nxe4 23. Qxe4 Rd8 24. Rxd8+ Qxd8 25. Qe3 1/2-1/2

[Event "Oberliga Ost B"]
[Site "?"]
[Date "2022.05.01"]
[Round "3.7"]
[White "Lukas, Anne"]
[Black "Kaiser, Richard"]
[Result "1-0"]
[WhiteElo "2025"]
[BlackElo "2117"]
[PlyCount "175"]
[EventDate "2021.10.10"]
[EventType "team-tourn"]
[EventCountry "GER"]
[WhiteTeam "Gernsheim SK"]
[BlackTeam "Homburg Bad SK"]
[WhiteTeamCountry "GER"]
[BlackTeamCountry "GER"]

1. Nf3 g6 2. g3 Bg7 3. Bg2 c5 4. O-O Nc6 5. d3 e6 6. e4 Nge7 7. Nbd2 O-O 8. Re1
d6 9. a4 Rb8 10. Nc4 Qc7 11. Bf4 e5 12. Be3 b6 13. c3 a6 14. Na3 h6 15. Qd2 Kh7
16. h4 Na5 17. Qc2 Be6 18. Nd2 Rfc8 19. Rac1 b5 20. axb5 axb5 21. Qd1 Qd7 22.
Ra1 Qc7 23. Kh2 d5 24. exd5 Nxd5 25. Bxd5 Bxd5 26. Ne4 Nb3 27. Rb1 f5 28. Nd2
Nxd2 29. Bxd2 Ba8 30. Qe2 Qc6 31. Qf1 Rd8 32. Re3 f4 33. gxf4 exf4 34. Re7 Qf6
35. Rxg7+ Kxg7 36. Qh3 Kh7 37. Qg4 Rxd3 38. Qxf4 Qxf4+ 39. Bxf4 Rf8 40. Be3 Be4
41. Re1 Bc6 42. Bxc5 Re8 43. Be3 Re4 44. Kg3 h5 45. Nc2 Rg4+ 46. Kh3 Bd7 47.
Ra1 Bf5 48. Ra7+ Kg8 49. Kh2 Rxh4+ 50. Kg3 Ra4 51. Rb7 h4+ 52. Kh2 Rd1 53. Rb8+
Kf7 54. Nd4 Raa1 55. Nxf5 Rh1+ 56. Kg2 h3+ 57. Kg3 gxf5 58. Rxb5 Ke6 59. Rb6+
Kd7 60. Rh6 Rab1 61. b4 Rb3 62. Bd4 Ke8 63. Kf4 Kd7 64. Kxf5 Rb2 65. Kf4 Rbb1
66. Kf3 Rb2 67. Rh8 Kc6 68. Kg3 Rd2 69. Rh6+ Kd5 70. Rh5+ Ke4 71. Rh4+ Kd5 72.
Be3 Rd3 73. c4+ Ke6 74. b5 Rb3 75. b6 Kf5 76. Rxh3 Rg1+ 77. Kf3 Rg6 78. c5 Ke5
79. Rh5+ Ke6 80. c6 Kd6 81. c7 Rg8 82. Ke4 Kc6 83. Rh6+ Kb7 84. Rd6 Kc8 85. Kd5
Rd3+ 86. Kc6 Rc3+ 87. Bc5 Rb3 88. b7+ 1-0

[Event "Oberliga Ost B"]
[Site "?"]
[Date "2022.05.01"]
[Round "3.8"]
[White "Novak, Volker"]
[Black "Wenzel, Calvin"]
[Result "1/2-1/2"]
[WhiteElo "2066"]
[BlackElo "1965"]
[PlyCount "43"]
[EventDate "2021.10.10"]
[EventType "team-tourn"]
[EventCountry "GER"]
[WhiteTeam "Homburg Bad SK"]
[BlackTeam "Gernsheim SK"]
[WhiteTeamCountry "GER"]
[BlackTeamCountry "GER"]

1. c4 e5 2. Nc3 Nf6 3. Nf3 Nc6 4. g3 Bb4 5. Bg2 O-O 6. O-O Bxc3 7. dxc3 d6 8.
Bg5 Be6 9. Nd2 h6 10. Bxf6 Qxf6 11. e4 Qg6 12. Qe2 a5 13. c5 dxc5 14. Qb5 Rad8
15. Nf3 Bc8 16. Qxc5 Qd6 17. Qxd6 Rxd6 18. Rfd1 Rfd8 19. Rxd6 Rxd6 20. Kf1 Be6
21. Ke1 a4 22. Bf1 1/2-1/2

[Event "Oberliga Ost B"]
[Site "?"]
[Date "2022.05.01"]
[Round "3.1"]
[White "Humburg, Philipp"]
[Black "Grabarczyk, Bogdan"]
[Result "1-0"]
[WhiteElo "2280"]
[BlackElo "2380"]
[PlyCount "91"]
[EventDate "2021.10.10"]
[EventType "team-tourn"]
[EventCountry "GER"]
[WhiteTeam "Marburg SK"]
[BlackTeam "Griesheim SV"]
[WhiteTeamCountry "GER"]
[BlackTeamCountry "GER"]

{[%evp 0,91,30,14,86,46,56,34,62,-52,-31,-83,-83,15,39,11,47,-10,47,59,220,269,
255,282,291,206,164,200,282,181,181,113,100,79,79,79,67,90,115,95,85,65,54,71,
53,52,41,31,55,55,38,35,35,-17,29,0,52,28,31,29,56,-22,-8,-96,107,100,100,87,
109,92,133,128,102,102,126,118,140,83,126,110,101,117,195,200,185,232,225,224,
224,217,225,213,240,234]} 1. d4 f5 2. Bg5 h6 3. Bh4 g5 4. e4 Bg7 5. Bg3 f4 6.
Bxf4 gxf4 7. Qh5+ Kf8 8. Qf5+ Ke8 9. Be2 h5 10. Bxh5+ Rxh5 11. Qxh5+ Kf8 12.
Qf5+ Ke8 13. Nf3 d6 14. Qg6+ Kf8 15. Nc3 Qe8 16. Qxe8+ Kxe8 17. Nd5 Na6 18.
Nxf4 c5 19. c3 cxd4 20. Nh5 Bh8 21. Nxd4 Nc5 22. O-O Nxe4 23. Rfe1 Nc5 24. Nf4
Kf7 25. Nd5 Bd7 26. Re3 e5 27. Nb3 Na4 28. Na5 Nf6 29. Nxf6 Bxf6 30. Nxb7 d5
31. Rd1 d4 32. cxd4 exd4 33. Nd6+ Kg7 34. Rg3+ Kh7 35. Ne4 Bg7 36. b3 Nb6 37.
Ng5+ Kh8 38. h4 Bf5 39. h5 Rf8 40. Rf3 Nd5 41. h6 Bxh6 42. Rxd4 Ne7 43. Rh4 Kg7
44. Ne6+ Bxe6 45. Rxf8 Kxf8 46. Rxh6 1-0

[Event "Oberliga Ost B"]
[Site "?"]
[Date "2022.05.01"]
[Round "3.2"]
[White "Braun, Vitali"]
[Black "Rolle, Eric"]
[Result "1-0"]
[WhiteElo "2345"]
[BlackElo "2146"]
[PlyCount "107"]
[EventDate "2021.10.10"]
[EventType "team-tourn"]
[EventCountry "GER"]
[WhiteTeam "Griesheim SV"]
[BlackTeam "Marburg SK"]
[WhiteTeamCountry "GER"]
[BlackTeamCountry "GER"]

1. d4 Nf6 2. c4 e6 3. Nc3 d5 4. cxd5 exd5 5. Bg5 Be7 6. e3 c6 7. Qc2 O-O 8. Bd3
Nbd7 9. Nge2 Re8 10. O-O Nf8 11. f3 g6 12. h3 Ne6 13. Bh4 Nh5 14. Bf2 f5 15. g4
Nhg7 16. Kg2 Ng5 17. Nf4 Bd6 18. Rae1 N5e6 19. Nce2 Qc7 20. Bg3 Ng5 21. Nxd5
Qd8 22. Bxd6 Qxd6 23. Ndf4 Rxe3 24. Qd2 Re8 25. Bc4+ Kh8 26. Nd3 Be6 27. Qxg5
Bxc4 28. Ne5 Rxe5 29. dxe5 Qxe5 30. Qd2 Re8 31. Rf2 Ne6 32. b3 Rd8 33. Qc3 Nf4+
34. Kh2 Qxc3 35. Nxc3 Bg8 36. Rd1 Re8 37. Rd7 Re3 38. Nd1 Re1 39. Rfd2 Bd5 40.
Kg3 g5 41. Nc3 Rh1 42. Nxd5 Rxh3+ 43. Kf2 Nxd5 44. gxf5 Rh2+ 45. Ke1 Rh1+ 46.
Ke2 h5 47. Kd3 Rf1 48. Rxb7 Rxf3+ 49. Ke4 Re3+ 50. Kd4 g4 51. Rh2 Rh3 52. Re2
Nf6 53. Re6 Ng8 54. Rg6 1-0

[Event "Oberliga Ost B"]
[Site "?"]
[Date "2022.05.01"]
[Round "3.3"]
[White "Alber, Horst"]
[Black "Nothnagel, Holger"]
[Result "1/2-1/2"]
[WhiteElo "2268"]
[BlackElo "2318"]
[PlyCount "24"]
[EventDate "2021.10.10"]
[EventType "team-tourn"]
[EventCountry "GER"]
[WhiteTeam "Marburg SK"]
[BlackTeam "Griesheim SV"]
[WhiteTeamCountry "GER"]
[BlackTeamCountry "GER"]

1. d4 d5 2. c4 e6 3. Nc3 Nf6 4. Bg5 c6 5. e3 Be7 6. Nf3 O-O 7. Rc1 dxc4 8. Bxc4
Nbd7 9. O-O a6 10. Qe2 b5 11. Bd3 h6 12. Bh4 Bb7 1/2-1/2

[Event "Oberliga Ost B"]
[Site "?"]
[Date "2022.05.01"]
[Round "3.4"]
[White "Koehler, Ronald"]
[Black "Dorst, Johannes"]
[Result "1/2-1/2"]
[WhiteElo "2182"]
[BlackElo "2235"]
[PlyCount "142"]
[EventDate "2021.10.10"]
[EventType "team-tourn"]
[EventCountry "GER"]
[WhiteTeam "Griesheim SV"]
[BlackTeam "Marburg SK"]
[WhiteTeamCountry "GER"]
[BlackTeamCountry "GER"]

1. d4 Nf6 2. c4 g6 3. Nc3 Bg7 4. e4 d6 5. f4 c5 6. d5 O-O 7. Nf3 e6 8. Be2 exd5
9. cxd5 Nbd7 10. O-O Re8 11. Nd2 c4 12. Kh1 Nc5 13. e5 dxe5 14. fxe5 Rxe5 15.
Nxc4 Re8 16. Bg5 h6 17. Bh4 Nce4 18. Nxe4 Rxe4 19. Bg3 Qxd5 20. Qxd5 Nxd5 21.
Bf3 Rd4 22. Rad1 Nb6 23. Rxd4 Bxd4 24. Rd1 Bf6 25. b3 Nxc4 26. bxc4 a5 27. a4
Ra6 28. c5 Kg7 29. h3 Re6 30. Rb1 Re3 31. Bd6 Be5 32. Kg1 Bd4 33. Kh2 Be5+ 34.
Kg1 Bxd6 35. cxd6 Rd3 36. Bxb7 Bd7 37. Rb6 Bxa4 38. Ra6 Bd7 39. Rxa5 Rxd6 40.
Kf2 Be6 41. Bf3 Rd2+ 42. Kg3 Kf6 43. h4 Rd4 44. Rc5 Rb4 45. Ra5 Rd4 46. Rc5 g5
47. hxg5+ hxg5 48. Ra5 Kg6 49. Ra1 f5 50. Kf2 g4 51. Bb7 f4 52. Ba8 Rd2+ 53.
Kg1 Kg5 54. Bb7 Bc4 55. Be4 Kh4 56. Rc1 Kg3 57. Rc3+ f3 58. Bxf3 gxf3 59. Rxf3+
Kg4 60. Kh2 Bd5 61. Rg3+ Kf4 62. Rg6 Be4 63. Rg8 Rd7 64. Rf8+ Bf5 65. Rb8 Rh7+
66. Kg1 Rg7 67. Rb2 Be4 68. Ra2 Rb7 69. Kh2 Rb1 70. Ra7 Rb2 71. Rg7 Ra2 1/2-1/2

[Event "Oberliga Ost B"]
[Site "?"]
[Date "2022.05.01"]
[Round "3.5"]
[White "Henrich, Thomas"]
[Black "Flach, Erich"]
[Result "1-0"]
[WhiteElo "2118"]
[BlackElo "2058"]
[PlyCount "57"]
[EventDate "2021.10.10"]
[EventType "team-tourn"]
[EventCountry "GER"]
[WhiteTeam "Marburg SK"]
[BlackTeam "Griesheim SV"]
[WhiteTeamCountry "GER"]
[BlackTeamCountry "GER"]

{[%evp 0,57,16,28,46,45,51,60,87,61,61,58,54,54,71,82,69,82,61,50,50,46,97,91,
84,70,55,39,117,71,180,193,167,74,186,186,206,120,241,198,392,262,372,155,155,
104,110,0,635,707,707,707,707,576,792,723,1038,1038,1908,2130]} 1. e4 c5 2. Nc3
e6 3. Nf3 a6 4. g3 Nc6 5. d4 cxd4 6. Nxd4 Qb6 7. Nb3 Nf6 8. Bg2 d6 9. Qe2 Be7
10. f4 Nd7 11. Be3 Qc7 12. Nd4 Na5 13. O-O-O b5 14. e5 Rb8 15. exd6 Bxd6 16. f5
Ne5 17. fxe6 fxe6 18. Bf4 Qc4 19. Ne4 Bc7 20. Qh5+ g6 21. Qg5 Qxa2 22. Kd2 Qxb2
23. Ke2 Nf7 24. Nf6+ Kf8 25. Qc5+ Kg7 26. Bxc7 e5 27. Bxe5 Nxe5 28. Qxe5 Rb6
29. Ng4+ 1-0

[Event "Oberliga Ost B"]
[Site "?"]
[Date "2022.05.01"]
[Round "3.6"]
[White "Nothnagel, Markus"]
[Black "Duncker, Joachim"]
[Result "0-1"]
[WhiteElo "2202"]
[BlackElo "2180"]
[PlyCount "46"]
[EventDate "2021.10.10"]
[EventType "team-tourn"]
[EventCountry "GER"]
[WhiteTeam "Griesheim SV"]
[BlackTeam "Marburg SK"]
[WhiteTeamCountry "GER"]
[BlackTeamCountry "GER"]

1. b3 e5 2. Bb2 e4 3. e3 Nf6 4. d4 d5 5. c4 c6 6. Qd2 Be7 7. Ba3 O-O 8. Bxe7
Qxe7 9. Nc3 Bf5 10. Nge2 Nbd7 11. Ng3 Bg6 12. Be2 h5 13. h4 dxc4 14. bxc4 Rad8
15. Qb2 b6 16. a4 c5 17. d5 Ne5 18. Qd2 Rfe8 19. f3 exf3 20. gxf3 Nxf3+ 21.
Bxf3 Qxe3+ 22. Nge2 Qxf3 23. O-O-O Ne4 0-1

[Event "Oberliga Ost B"]
[Site "?"]
[Date "2022.05.01"]
[Round "3.7"]
[White "Neidhardt, Helge"]
[Black "Hahn, Werner"]
[Result "0-1"]
[WhiteElo "2014"]
[BlackElo "2177"]
[PlyCount "72"]
[EventDate "2021.10.10"]
[EventType "team-tourn"]
[EventCountry "GER"]
[WhiteTeam "Marburg SK"]
[BlackTeam "Griesheim SV"]
[WhiteTeamCountry "GER"]
[BlackTeamCountry "GER"]

1. d4 Nf6 2. Nf3 g6 3. c4 Bg7 4. Nc3 d6 5. e4 O-O 6. Be2 e5 7. Be3 exd4 8. Nxd4
Re8 9. f3 c6 10. Qd2 d5 11. exd5 cxd5 12. O-O Nc6 13. Rfd1 Nxd4 14. Bxd4 dxc4
15. Bxc4 Bf5 16. Bb5 Rf8 17. Qf2 Qa5 18. a3 Rfc8 19. Bd3 Bxd3 20. Rxd3 Re8 21.
Rad1 a6 22. g3 Qf5 23. a4 h5 24. Kg2 Rac8 25. Bxf6 Qxf6 26. Ne4 Qxb2 27. R3d2
Qb3 28. Nd6 Qxa4 29. Nxc8 Rxc8 30. Rd8+ Rxd8 31. Rxd8+ Kh7 32. Qd2 Qc4 33. Rd7
b5 34. Qd5 Qe2+ 35. Kh3 Qf1+ 36. Kh4 Bf6+ 0-1

[Event "Oberliga Ost B"]
[Site "?"]
[Date "2022.05.01"]
[Round "3.8"]
[White "Debortoli, Roberto"]
[Black "Nekhamkis, Genadi"]
[Result "1/2-1/2"]
[WhiteElo "2020"]
[BlackElo "2099"]
[PlyCount "21"]
[EventDate "2021.10.10"]
[EventType "team-tourn"]
[EventCountry "GER"]
[WhiteTeam "Griesheim SV"]
[BlackTeam "Marburg SK"]
[WhiteTeamCountry "GER"]
[BlackTeamCountry "GER"]

1. e4 d5 2. exd5 Nf6 3. Be2 Nxd5 4. d4 Bf5 5. Nf3 e6 6. O-O Bd6 7. Ne5 Nd7 8.
f4 c5 9. Bb5 Bxe5 10. dxe5 O-O 11. Bd3 1/2-1/2